| 000 | 01017cam a2200313 i 4500 | ||
|---|---|---|---|
| 999 |
_c200446617 _d64829 |
||
| 003 | TR-AnTOB | ||
| 005 | 20221230165908.0 | ||
| 007 | ta | ||
| 008 | 990809s1999 tu d 000 0 tur d | ||
| 020 | _a9757152544 | ||
| 040 |
_aTR-AnTOB _beng _erda _cTR-AnTOB |
||
| 041 | 0 | _atur | |
| 050 | 4 |
_bHD7262.5.T9 _aM47 1999 |
|
| 090 |
_aHD7262.5.T9 _bM47 1999 |
||
| 245 | 0 | 0 | _aMESS üyelerinde iş kazaları ve meslek hastalıkları istatistikleri, 1998. |
| 264 | 1 |
_aİstanbul : _bMESS, _c1999 |
|
| 300 |
_a29 pages : _bgraphics, tables ; _c20 cm |
||
| 336 |
_2rdacontent _atext _btxt |
||
| 337 |
_2rdamedia _aunmediated _bn |
||
| 338 |
_2rdacarrier _avolume _bnc |
||
| 490 | 0 |
_aMESS ; _vyayın no : 303 |
|
| 610 | 2 | 0 |
_aMESS (Union) _974747 |
| 650 | 7 |
_aEndüstriyel kazalar _zTürkiye _vİstatistikler _2etuturkob _9100574 |
|
| 650 | 7 |
_aMeslek hastalıkları _zTürkiye _vİstatistikler _2etuturkob _9100303 |
|
| 710 | 2 |
_aMESS (Union) _974747 |
|
| 942 |
_2lcc _cBK |
||